Pedagogický potenciál Školního klubu při ZDŠ Dobřichovice : sestavení ročního plánu : bakalářská práce / Lenka Dvořáková ; vedoucí práce Michal Pařízek
Bakalářská práce poukazuje na problematiku volného času u žáků prvního stupně základního vzdělávání ve školním klubu. Cílem práce je sestavení ročního plán pro Školní klub při Základní škole v Dobřichovicích, pro žáky 4. a 5. ročníků. Toto místo představuje pro děti přechodný bezpečný prostor pro trávení volného času. Žáci by se měli naučit před přechodem na druhý stupeň nakládat se svým volným časem v odpoledních hodinách. Roční program nabízí smysluplné aktivity na tuto dobu. Práce se skládá ze dvou hlavních částí, z teoretické a praktické. Teoretická část se věnuje teoretickým východiskům času z pohledu filosofie, dále pak pojetí volného času v životě žáků mladšího školního věku. Zabývá se zájmovou činností a stanovením pedagogických cílů ve volném čase žáků. Praktická část práce obsahuje shrnutí jednotlivých aktivit ročního plánu a dalších aktivit ve školním klubu. Přílohy obsahují jak Roční plán, tak i jednotlivé projekty a aktivity rozdělené do měsíčních celků.
Record details
- Physical Description: 98 stran : 5 příloh ; 31 cm
Content descriptions
| Dissertation Note: | Bakalářská práce (Bc.), Univerzita Karlova, ETF, 2019 |
| Bibliography, etc. Note: | Obsahuje bibliografii |
Search for related items by subject
| Genre: | bakalářská práce |
Available copies
- 1 of 1 copy available at Common Catalog SPOK.
Holds
- 0 current holds with 1 total copy.
Show Only Available Copies
| Location | Call Number / Copy Notes | Barcode | Shelving Location | Status | Due Date |
|---|---|---|---|---|---|
| Jabok Library | ABP-2524 | 424480046424 | Absolventské práce | Reference | - |
Electronic resources
Version of Resource: Plný text
| LDR | ntm a22 i 4500 | ||
|---|---|---|---|
| 001 | 57867 | ||
| 003 | CZ-PrJAB | ||
| 005 | 20240916110840.0 | ||
| 007 | ta | ||
| 008 | 240916s2019 xr e 000 0 cze | ||
| 040 | . | ‡aABG312 ‡bcze ‡erda | |
| 041 | 0 | . | ‡acze ‡beng |
| 072 | 7. | ‡a37 ‡xVýchova a vzdělávání ‡2Konspekt ‡922 | |
| 100 | 1 | . | ‡aDvořáková, Lenka ‡4aut |
| 245 | 1 | 0. | ‡aPedagogický potenciál Školního klubu při ZDŠ Dobřichovice : ‡bsestavení ročního plánu : bakalářská práce / ‡cLenka Dvořáková ; vedoucí práce Michal Pařízek |
| 264 | 0. | ‡c2019 | |
| 300 | . | ‡a98 stran : ‡b5 příloh ; ‡c31 cm | |
| 336 | . | ‡atext ‡btxt ‡2rdacontent | |
| 337 | . | ‡abez média ‡bn ‡2rdamedia | |
| 338 | . | ‡asvazek ‡bnc ‡2rdacarrier | |
| 502 | . | ‡aBakalářská práce (Bc.), Univerzita Karlova, ETF, 2019 | |
| 504 | . | ‡aObsahuje bibliografii | |
| 520 | 3 | . | ‡aBakalářská práce poukazuje na problematiku volného času u žáků prvního stupně ‡a základního vzdělávání ve školním klubu. Cílem práce je sestavení ročního plán pro Školní klub při Základní škole v Dobřichovicích, pro žáky 4. a 5. ročníků. Toto místo představuje pro děti přechodný bezpečný prostor pro trávení volného času. Žáci by se měli naučit před přechodem na druhý stupeň nakládat se svým volným časem v odpoledních hodinách. Roční program nabízí smysluplné aktivity na tuto dobu. Práce se skládá ze dvou hlavních částí, z teoretické a praktické. Teoretická část se věnuje teoretickým východiskům času z pohledu filosofie, dále pak pojetí volného času v životě žáků mladšího školního věku. Zabývá se zájmovou činností a stanovením pedagogických cílů ve volném čase žáků. Praktická část práce obsahuje shrnutí jednotlivých aktivit ročního plánu a dalších aktivit ve školním klubu. Přílohy obsahují jak Roční plán, tak i jednotlivé projekty a aktivity rozdělené do měsíčních celků. |
| 653 | 0 | . | ‡avolnočasová pedagogika |
| 653 | 0 | . | ‡aškolní klub ‡aroční plán |
| 655 | 7. | ‡abakalářská práce ‡7ph114112 ‡2czenas | |
| 700 | 1 | . | ‡aPařízek, Michal ‡4ths |
| 710 | 2 | . | ‡aUniverzita Karlova. Evangelická teologická fakulta |
| 856 | 4 | 1. | ‡uhttps://is.jabok.cz/th/ieus6/Bakalarska_prace_Dvorakova_Skolni_klub.pdf ‡yPlný text |
| 910 | . | ‡aABG312 | |
| 901 | . | ‡a57867 ‡bAUTOGEN ‡c57867 ‡tbiblio | |